Konzumenti médií, poslucháči a diváci

Bibliographic Details
Main Author: Findra, Ján, 1934-2019 (Author)
Format: Article
Language:Slovak
ISSN:1335-7883
Subjects:

MARC

LEADER 00000nab a2200000 a 4500
001 vtls008958684
003 SK-MaSNL
005 20260303191018.0
008 040806c2007 xo 0 slo
015 |a SNBRB2007/03 
040 |a SNKBUCL  |b slo  |c SNKBUCL  |e AACR2 
041 0 |a slo 
044 |a xo  |c SK 
080 |a 811.162.4'373  |2 UDC-MRF-SK2 
080 |a 81'373:811.162.4  |2 UDC-MRF-SK2 
100 1 |a Findra, Ján,  |d 1934-2019  |4 aut  |9 187447 
245 1 0 |a Konzumenti médií, poslucháči a diváci  |c Ján Findra 
650 0 7 |a slovenčina  |2 snkbucl  |9 1350 
650 0 7 |a ústny jazykový prejav  |2 snkbucl  |9 1219355 
650 0 7 |a slovná zásoba  |2 snkbucl  |9 66837 
655 7 |a články z novín a časopisov  |2 snkbucl  |9 267496 
773 0 |x 1335-7883  |t Verejná správa  |g Roč. 62, č. 6 (2007), s. 21 
850 |a Slovenská národná knižnica v Martine 
852 |a SNK  |b KIS3GCP 
999 |c 2139051  |d 2140981